[Event "4NCL Division 1d"]
[Site "Birmingham, ENG"]
[Date "2016.05.02"]
[Round "11.151"]
[White "Bauer, Christian"]
[Black "Chow, Sam"]
[Result "1-0"]
[WhiteElo "2631"]
[BlackElo "2336"]
[PlyCount "83"]
[EventDate "2016.05.02"]
[WhiteTeam "3Cs 1"]
[BlackTeam "South Wales Dragons"]

1. Nf3 Nf6 2. c4 g6 3. Nc3 d5 4. d4 Bg7 5. Qb3 dxc4 6. Qxc4 O-O 7. Bf4 c6 8. e4
Be6 9. Qd3 b5 10. Be2 a5 11. O-O a4 12. a3 Nbd7 13. Rac1 Rc8 14. h3 Bc4 15. Qe3
Bxe2 16. Nxe2 Qb6 17. Nc3 e6 18. Bd6 Rfe8 19. Rfd1 Qb7 20. Qe2 Nb6 21. g3 Nc4
22. Bb4 Qa8 23. Rd3 Nb6 24. Rcd1 Nfd7 25. e5 Nc4 26. Ne4 Ndb6 27. h4 Nd5 28.
Bc5 h5 29. Nfg5 Rc7 30. Rf3 Qd8 31. Kh2 Rd7 32. Rg1 Nc7 33. Qc2 Na6 34. Bd6 c5
35. Nxf7 Rxf7 36. Rxf7 Kxf7 37. Ng5+ Kg8 38. Qxg6 Nxd6 39. exd6 Qd7 40. dxc5
Nxc5 41. Rc1 Rc8 42. Rc3 1-0

[Event "4NCL Division 1d"]
[Site "Birmingham, ENG"]
[Date "2016.05.02"]
[Round "11.152"]
[White "Toma, Katarzyna"]
[Black "Gordon, Stephen J"]
[Result "0-1"]
[WhiteElo "2307"]
[BlackElo "2496"]
[PlyCount "64"]
[EventDate "2016.05.02"]
[WhiteTeam "South Wales Dragons"]
[BlackTeam "3Cs 1"]

1. e4 c5 2. Nf3 d6 3. d4 cxd4 4. Nxd4 Nf6 5. Nc3 a6 6. Be2 e5 7. Nb3 Be7 8. O-O
O-O 9. f4 b5 10. Nd5 Nxd5 11. exd5 Nd7 12. c3 Bb7 13. Qd3 Nb6 14. fxe5 dxe5 15.
Rf5 f6 16. Rh5 g6 17. Rh6 Rf7 18. Be3 Qxd5 19. Qxd5 Nxd5 20. Bc5 Nf4 21. Bf1
Bc8 22. Be3 Kg7 23. g3 Kxh6 24. gxf4 exf4 25. Bxf4+ g5 26. Bg2 Rg7 27. Be3 Bd7
28. Nd4 f5 29. Bh3 Rd8 30. Rf1 f4 31. Ne6 Bxe6 32. Bxe6 Rd6 0-1

[Event "4NCL Division 1d"]
[Site "Birmingham, ENG"]
[Date "2016.05.02"]
[Round "11.153"]
[White "Buscara, Sevan"]
[Black "Cooper, John G"]
[Result "1/2-1/2"]
[WhiteElo "2350"]
[BlackElo "2272"]
[PlyCount "87"]
[EventDate "2016.05.02"]
[WhiteTeam "3Cs 1"]
[BlackTeam "South Wales Dragons"]

1. d4 Nf6 2. Nf3 g6 3. Bf4 d6 4. e3 Nh5 5. Bg5 h6 6. Bh4 g5 7. Nfd2 Ng7 8. Bg3
Nf5 9. Bd3 Nxg3 10. hxg3 Bg7 11. c3 e6 12. Na3 Nc6 13. Nc2 Bd7 14. Qe2 Qe7 15.
e4 f5 16. f4 fxe4 17. Nxe4 O-O-O 18. O-O-O Rdf8 19. Rdf1 Qd8 20. Kb1 Rhg8 21.
Ne3 Kb8 22. Bc2 a6 23. fxg5 hxg5 24. Rxf8 Bxf8 25. Rh7 Be8 26. Nf2 Bg6 27. Bxg6
Rxg6 28. Qh5 Rg7 29. Rh8 Qe7 30. Ne4 Ka7 31. a3 d5 32. Nc5 Qf6 33. Nd3 Rf7 34.
Ka2 Bd6 35. Rh6 Qe7 36. Qg4 Nd8 37. Rh8 Rg7 38. Rh1 Nf7 39. Rf1 Rg6 40. Qf3 Nh6
41. Ng4 Nxg4 42. Qxg4 Rf6 43. Rh1 Rf5 44. Re1 1/2-1/2

[Event "4NCL Division 1d"]
[Site "Birmingham, ENG"]
[Date "2016.05.02"]
[Round "11.154"]
[White "Kett, Tim"]
[Black "Walton, Alan J"]
[Result "1/2-1/2"]
[WhiteElo "2184"]
[BlackElo "2215"]
[PlyCount "57"]
[EventDate "2016.05.02"]
[WhiteTeam "South Wales Dragons"]
[BlackTeam "3Cs 1"]

1. d4 e6 2. Nf3 d5 3. c4 c6 4. Nc3 Nf6 5. g3 Bd6 6. Bg2 O-O 7. O-O Nbd7 8. c5
Bc7 9. Bf4 Re8 10. Bxc7 Qxc7 11. e4 Nxe4 12. Nxe4 dxe4 13. Ng5 Nf6 14. Nxe4
Nxe4 15. Bxe4 e5 16. Re1 Rd8 17. Qc2 Rxd4 18. Bxh7+ Kf8 19. Rad1 Rxd1 20. Rxd1
Be6 21. Bf5 Bd5 22. Qe2 g6 23. Bc2 Re8 24. h4 Kg7 25. Bb3 Rd8 26. h5 Qe7 27.
hxg6 fxg6 28. Qe3 Qe6 29. Re1 1/2-1/2

[Event "4NCL Division 1d"]
[Site "Birmingham, ENG"]
[Date "2016.05.02"]
[Round "11.155"]
[White "Longson, Alexander"]
[Black "Williamson, Roger G"]
[Result "1-0"]
[WhiteElo "2294"]
[BlackElo "2194"]
[PlyCount "73"]
[EventDate "2016.05.02"]
[WhiteTeam "3Cs 1"]
[BlackTeam "South Wales Dragons"]

1. e4 e5 2. Nf3 Nc6 3. Bb5 a6 4. Ba4 Nf6 5. O-O Be7 6. Re1 b5 7. Bb3 d6 8. c3
O-O 9. h3 Na5 10. Bc2 c5 11. d4 Qc7 12. Nbd2 Be6 13. Nf1 Rfc8 14. Ne3 cxd4 15.
cxd4 Nc4 16. Nxc4 Bxc4 17. b3 Be6 18. Bd3 exd4 19. Nxd4 Bd7 20. Bb2 Ne8 21. f4
g6 22. Qd2 Bf8 23. Rad1 Qb6 24. Kh1 Bg7 25. Nf3 Bxb2 26. Qxb2 a5 27. f5 Bc6 28.
Qd2 Qd8 29. Qf4 Qe7 30. Nd4 Qb7 31. Rd2 Rd8 32. Rf2 Rd7 33. Rc1 Rc8 34. Nxb5
Bxb5 35. Rxc8 Qxc8 36. Bxb5 Re7 37. Bc4 1-0

[Event "4NCL Division 1d"]
[Site "Birmingham, ENG"]
[Date "2016.05.02"]
[Round "11.156"]
[White "Redmond, John P"]
[Black "Congiu, Mathilde"]
[Result "1/2-1/2"]
[WhiteElo "2203"]
[BlackElo "2280"]
[PlyCount "98"]
[EventDate "2016.05.02"]
[WhiteTeam "South Wales Dragons"]
[BlackTeam "3Cs 1"]

1. d4 Nf6 2. Bg5 c5 3. Nc3 cxd4 4. Qxd4 Nc6 5. Qh4 Qa5 6. O-O-O d6 7. e4 Be6 8.
a3 h6 9. Bxf6 gxf6 10. f4 f5 11. Bd3 Rg8 12. Nge2 O-O-O 13. Qf2 Bg7 14. exf5
Bxf5 15. Bxf5+ Qxf5 16. Rd5 Qg6 17. g3 Kb8 18. Rhd1 Rc8 19. Kb1 Rgd8 20. f5 Qg4
21. Rb5 Be5 22. Nd5 Rd7 23. h3 Qxh3 24. Qf3 h5 25. Ne3 a6 26. Rb3 Bf6 27. Nf4
Qh2 28. Rh1 Qd2 29. Nc4 Qd4 30. Nb6 Rdc7 31. Nxc8 Rxc8 32. Rd1 Qa7 33. Ne2 Na5
34. Rb4 Nc4 35. Qe4 b5 36. Nd4 Qc5 37. Nb3 Qe5 38. Qxe5 Bxe5 39. Nd4 Ne3 40.
Rd3 Bxd4 41. Rbxd4 Nxf5 42. Rf4 e6 43. a4 Rc5 44. axb5 axb5 45. Kc1 Kb7 46. Kd2
Kb6 47. Rf1 d5 48. Rxf5 exf5 49. Rd4 Rc6 1/2-1/2

[Event "4NCL Division 1d"]
[Site "Birmingham, ENG"]
[Date "2016.05.02"]
[Round "11.157"]
[White "Bentley, John L"]
[Black "Zeidler, Sven P"]
[Result "0-1"]
[WhiteElo "2133"]
[BlackElo "2182"]
[PlyCount "102"]
[EventDate "2016.05.02"]
[WhiteTeam "3Cs 1"]
[BlackTeam "South Wales Dragons"]

1. d4 f5 2. e4 fxe4 3. Nc3 Nf6 4. Bg5 c6 5. f3 e3 6. Bd3 Qa5 7. Bxe3 e5 8. dxe5
Qxe5 9. Qe2 Bb4 10. Bd4 Qxe2+ 11. Ngxe2 O-O 12. O-O-O d5 13. Nf4 Bd6 14. g3
Nbd7 15. Rde1 Nc5 16. Bxc5 Bxc5 17. Ne6 Bxe6 18. Rxe6 Bb4 19. a3 Bxc3 20. bxc3
Rae8 21. Rxe8 Rxe8 22. Kd2 Nd7 23. Rb1 b6 24. Rb4 Nc5 25. Rh4 h6 26. Rf4 Ne6
27. Rg4 Ng5 28. Be2 c5 29. Rf4 Re5 30. Bd3 a5 31. Bg6 Re6 32. Bd3 g6 33. c4 d4
34. h4 Nh7 35. Be4 Kg7 36. Bd5 Re7 37. Be4 Nf6 38. Kd3 Re5 39. g4 g5 40. hxg5
hxg5 41. Rf5 Nd7 42. Bd5 Rxf5 43. gxf5 Nf6 44. c3 dxc3 45. Kxc3 Kf8 46. Kb3 Ke7
47. Ba8 Ne8 48. Ka4 Nd6 49. Bc6 Kf6 50. Bd7 Nxc4 51. Kb5 Nxa3+ 0-1

[Event "4NCL Division 1d"]
[Site "Birmingham, ENG"]
[Date "2016.05.02"]
[Round "11.158"]
[White "Jameson, David"]
[Black "Horton, Jamie A"]
[Result "1/2-1/2"]
[WhiteElo "2125"]
[BlackElo "2110"]
[PlyCount "36"]
[EventDate "2016.05.02"]
[WhiteTeam "South Wales Dragons"]
[BlackTeam "3Cs 1"]

1. d4 Nf6 2. c4 e6 3. Nc3 d5 4. Nf3 Be7 5. Bg5 O-O 6. e3 h6 7. Bh4 Ne4 8. Bxe7
Qxe7 9. Qb3 Rd8 10. Bd3 Nxc3 11. bxc3 dxc4 12. Bxc4 b6 13. Ne5 Bb7 14. f3 c5
15. O-O Nc6 16. Nxc6 Bxc6 17. Rad1 cxd4 18. cxd4 Bd5 1/2-1/2

[Event "4NCL Division 1d"]
[Site "Birmingham, ENG"]
[Date "2016.05.02"]
[Round "11.161"]
[White "Tan, Justin"]
[Black "Pardo Simon, David"]
[Result "1/2-1/2"]
[WhiteElo "2452"]
[BlackElo "2493"]
[PlyCount "30"]
[EventDate "2016.05.02"]
[WhiteTeam "Oxford 1"]
[BlackTeam "Grantham Sharks 1"]

1. e4 c5 2. Nf3 d6 3. d4 cxd4 4. Nxd4 Nf6 5. Nc3 a6 6. Bg5 e6 7. f4 h6 8. Bh4
Qb6 9. Qd2 Qxb2 10. Rb1 Qa3 11. e5 dxe5 12. fxe5 g5 13. exf6 gxh4 14. Be2 Qa5
15. O-O Nd7 1/2-1/2

[Event "4NCL Division 1d"]
[Site "Birmingham, ENG"]
[Date "2016.05.02"]
[Round "11.162"]
[White "Batchelor, Peter J"]
[Black "Zakarian, David"]
[Result "1/2-1/2"]
[WhiteElo "2335"]
[BlackElo "2393"]
[PlyCount "85"]
[EventDate "2016.05.02"]
[WhiteTeam "Grantham Sharks 1"]
[BlackTeam "Oxford 1"]

1. d4 Nf6 2. c4 c5 3. Nf3 cxd4 4. Nxd4 e5 5. Nc2 d5 6. cxd5 Qxd5 7. Qxd5 Nxd5
8. e4 Nb4 9. Nxb4 Bxb4+ 10. Bd2 Nc6 11. Bb5 Bd7 12. O-O Bxd2 13. Nxd2 Nd4 14.
Bd3 Be6 15. Nc4 Bxc4 16. Bxc4 Rc8 17. Rac1 Ke7 18. a3 Rc7 19. Bd3 Rhc8 20.
Rxc7+ Rxc7 21. f4 exf4 22. Rxf4 f6 23. Kf2 g5 24. Rg4 Nc6 25. Rg3 Ne5 26. Be2
Rc2 27. Rb3 b6 28. a4 Nc6 29. Rc3 Rxc3 30. bxc3 Kd6 31. Bc4 Ke5 32. Ke3 h5 33.
g3 Nd8 34. h4 Ne6 35. Bxe6 Kxe6 36. g4 hxg4 37. h5 g3 38. Kf3 f5 39. exf5+ Kxf5
40. Kxg3 Ke6 41. Kg4 Kf6 42. c4 a5 43. h6 1/2-1/2

[Event "4NCL Division 1d"]
[Site "Birmingham, ENG"]
[Date "2016.05.02"]
[Round "11.163"]
[White "Eckersley-Waites, Tom"]
[Black "Roberson, Peter T"]
[Result "0-1"]
[WhiteElo "2313"]
[BlackElo "2377"]
[PlyCount "66"]
[EventDate "2016.05.02"]
[WhiteTeam "Oxford 1"]
[BlackTeam "Grantham Sharks 1"]

1. e4 e6 2. d4 d5 3. Nc3 Nf6 4. Bg5 dxe4 5. Nxe4 Be7 6. Bxf6 gxf6 7. Qd3 Nc6 8.
O-O-O Nb4 9. Qf3 Nxa2+ 10. Kb1 f5 11. Ng3 Nb4 12. d5 exd5 13. c3 f4 14. cxb4
fxg3 15. Rxd5 Bd6 16. Bc4 Be6 17. hxg3 Qe7 18. Rh4 O-O-O 19. Re4 Bxd5 20. Bxd5
Qd7 21. Bxf7 Kb8 22. Qb3 Bxg3 23. Nh3 Qf5 24. Qe6 Qb5 25. Qc4 Rd1+ 26. Kc2 Qa4+
27. Qb3 Qa1 28. Qe3 Qb1+ 29. Kc3 Rhd8 30. Bc4 Rc1+ 31. Kb3 Qc2+ 32. Ka2 Qa4+
33. Qa3 Qd1 0-1

[Event "4NCL Division 1d"]
[Site "Birmingham, ENG"]
[Date "2016.05.02"]
[Round "11.164"]
[White "Rendle, Thomas E"]
[Black "Sarantos, Vasileios"]
[Result "1-0"]
[WhiteElo "2354"]
[BlackElo "2240"]
[PlyCount "113"]
[EventDate "2016.05.02"]
[WhiteTeam "Grantham Sharks 1"]
[BlackTeam "Oxford 1"]

1. e4 e6 2. d4 d5 3. Nd2 c5 4. Ngf3 cxd4 5. Nxd4 Nf6 6. exd5 Qxd5 7. Nb5 Na6 8.
Nc3 Qe5+ 9. Be2 Bd7 10. O-O O-O-O 11. Bxa6 bxa6 12. Re1 Qc7 13. Qe2 Kb7 14. Nc4
Ka8 15. Bg5 Bc6 16. Qe5 Qxe5 17. Nxe5 Be8 18. Rad1 Be7 19. Ne4 h6 20. Bh4 g5
21. Nxf6 Bxf6 22. Bg3 Be7 23. Rxd8+ Bxd8 24. Ng4 f6 25. Bd6 Bd7 26. Rd1 Bc8 27.
Nxh6 Bb6 28. Ng4 f5 29. Ne3 Bxe3 30. fxe3 Rd8 31. c4 Bb7 32. Rd4 Be4 33. Be7
Rg8 34. Rd8+ Rxd8 35. Bxd8 g4 36. h4 gxh3 37. gxh3 Kb7 38. Kf2 e5 39. Bf6 Bd3
40. c5 f4 41. Bxe5 fxe3+ 42. Kxe3 Bb1 43. a3 Kc6 44. Bd6 Kd5 45. Kf4 a5 46. Kg5
Ke6 47. Bb8 Be4 48. Bxa7 a4 49. Kf4 Bc6 50. h4 Be8 51. Kg5 Bc6 52. Bb8 Be4 53.
Kf4 Bc6 54. h5 Be8 55. Kg5 Bc6 56. h6 Be4 57. c6 1-0

[Event "4NCL Division 1d"]
[Site "Birmingham, ENG"]
[Date "2016.05.02"]
[Round "11.165"]
[White "Healey, Michael W"]
[Black "Sanchez Botella, Luis Javier"]
[Result "1-0"]
[WhiteElo "2109"]
[BlackElo "2278"]
[PlyCount "189"]
[EventDate "2016.05.02"]
[WhiteTeam "Oxford 1"]
[BlackTeam "Grantham Sharks 1"]

1. e4 c5 2. b3 b6 3. Bb2 Bb7 4. Bd3 Nc6 5. c3 Nf6 6. Qe2 e5 7. Nh3 Be7 8. O-O
O-O 9. Na3 d5 10. f3 a6 11. Rad1 d4 12. Nc2 b5 13. Kh1 Bd6 14. g4 Qe7 15. Rg1
Rac8 16. Ne1 Nd8 17. Ng2 g6 18. Ra1 Qc7 19. c4 b4 20. Qe1 Ne6 21. Qh4 Be7 22.
Qg3 Ne8 23. Be2 N8g7 24. d3 f5 25. Bc1 Rf7 26. gxf5 gxf5 27. Bg5 f4 28. Qh4
Rcf8 29. Qh6 Bxg5 30. Nxg5 Nxg5 31. Qxg5 Qe7 32. Nh4 Bc8 33. a3 bxa3 34. Rxa3
Rf6 35. Ra5 R8f7 36. b4 h6 37. Qg2 cxb4 38. Bd1 Qc7 39. Qa2 Kh7 40. Bb3 Ne6 41.
c5 Rg7 42. Rxg7+ Nxg7 43. Bg8+ Kh8 44. Bd5 Qd7 45. Ra4 Qb5 46. Bc4 Qxc5 47. Ra5
Qe7 48. Qg2 Kh7 49. Ra1 Rb6 50. Rg1 a5 51. Bb3 Bd7 52. Nf5 Bxf5 53. exf5 Rf6
54. Qc2 Rxf5 55. Qc8 Rg5 56. Bg8+ Kg6 57. Rc1 Ne8 58. Rc6+ Kg7 59. Bb3 Kh7 60.
Re6 Qg7 61. Qc1 Qb7 62. Rc6 Qd7 63. Be6 Qe7 64. Qe1 Nc7 65. Qe4+ Kh8 66. Bg4
Kg7 67. h4 Rxg4 68. fxg4 Qxh4+ 69. Kg1 Qxg4+ 70. Kf2 Qg3+ 71. Kf1 Qh3+ 72. Ke1
Qg3+ 73. Kd1 Qg1+ 74. Kc2 Qf2+ 75. Kb1 Qg1+ 76. Rc1 Qe3 77. Rxc7+ Kf6 78. Rc6+
Kg5 79. Qg6+ Kh4 80. Qxh6+ Kg3 81. Rg6+ Kf3 82. Qh1+ Ke2 83. Qh2+ Kf1 84. Qh1+
Ke2 85. Rg2+ Kxd3 86. Qf1+ Ke4 87. Re2 f3 88. Rxe3+ dxe3 89. Kc2 Kf4 90. Kd3
e4+ 91. Kd4 e2 92. Qc1+ Kg3 93. Qg1+ Kf4 94. Qe3+ Kg3 95. Kxe4 1-0

[Event "4NCL Division 1d"]
[Site "Birmingham, ENG"]
[Date "2016.05.02"]
[Round "11.166"]
[White "Visa Jordana, Joel"]
[Black "Dickinson, Tim R"]
[Result "1/2-1/2"]
[WhiteElo "2227"]
[BlackElo "2094"]
[PlyCount "68"]
[EventDate "2016.05.02"]
[WhiteTeam "Grantham Sharks 1"]
[BlackTeam "Oxford 1"]

1. d4 e6 2. c4 Bb4+ 3. Nc3 d5 4. a3 Bxc3+ 5. bxc3 Nf6 6. f3 O-O 7. e3 c5 8.
cxd5 exd5 9. Bd3 Nc6 10. Ne2 cxd4 11. cxd4 Nh5 12. O-O f5 13. Bd2 Be6 14. Qb3
Rf7 15. Rac1 g5 16. Bb1 Na5 17. Bxa5 Qxa5 18. e4 fxe4 19. fxe4 Raf8 20. Rxf7
Rxf7 21. Qe3 Nf4 22. Nxf4 gxf4 23. Qd3 dxe4 24. Qxe4 Qd2 25. Rf1 Bc4 26. Re1
Bd5 27. Qe8+ Rf8 28. Bxh7+ Kg7 29. Qe5+ Kh6 30. Qd6+ Kxh7 31. Qe7+ Rf7 32. Qh4+
Kg7 33. Qg5+ Kh7 34. Qh5+ Kg7 1/2-1/2

[Event "4NCL Division 1d"]
[Site "Birmingham, ENG"]
[Date "2016.05.02"]
[Round "11.167"]
[White "Brackmann, Hendrik"]
[Black "Foisor, Mihaela-Veronica"]
[Result "1/2-1/2"]
[WhiteElo "2044"]
[BlackElo "2263"]
[PlyCount "112"]
[EventDate "2016.05.02"]
[WhiteTeam "Oxford 1"]
[BlackTeam "Grantham Sharks 1"]

1. e4 e6 2. d4 d5 3. Nd2 Nf6 4. e5 Nfd7 5. Bd3 c5 6. c3 Nc6 7. Ne2 cxd4 8. cxd4
f6 9. exf6 Qxf6 10. O-O Bd6 11. Nf3 h6 12. Be3 O-O 13. Rc1 e5 14. Nc3 Nb4 15.
Nxd5 Nxd5 16. Bc4 Qf7 17. dxe5 Nxe5 18. Nxe5 Bxe5 19. Qxd5 Qxd5 20. Bxd5+ Kh8
21. b3 Rb8 22. Rfe1 Bd6 23. Bc5 Bxc5 24. Rxc5 Rd8 25. Bf3 Bd7 26. Rc7 Bc6 27.
Bxc6 bxc6 28. Rxc6 Rd2 29. Ra6 Rf8 30. Rf1 Rf7 31. h4 Kh7 32. g3 Re7 33. Kg2 h5
34. b4 Rb2 35. a3 Rf7 36. Ra5 g6 37. Kh3 Kh6 38. b5 Rb7 39. a4 Rd7 40. Ra6 Ra2
41. g4 hxg4+ 42. Kxg4 Rd4+ 43. f4 Raxa4 44. Rxa4 Rxa4 45. Rb1 Rc4 46. Re1 Rb4
47. Re5 Rb1 48. Rc5 Rb3 49. h5 gxh5+ 50. Rxh5+ Kg6 51. Rc5 Kf6 52. Rc6+ Kf7 53.
Rc7+ Kf6 54. Rb7 Kg6 55. f5+ Kf6 56. Rxa7 Rb4+ 1/2-1/2

[Event "4NCL Division 1d"]
[Site "Birmingham, ENG"]
[Date "2016.05.02"]
[Round "11.168"]
[White "Milson, Samuel A"]
[Black "Kularatnam, Kaushalya"]
[Result "1-0"]
[WhiteElo "2102"]
[BlackElo "1566"]
[PlyCount "65"]
[EventDate "2016.05.02"]
[WhiteTeam "Grantham Sharks 1"]
[BlackTeam "Oxford 1"]

1. e4 c5 2. Nf3 d6 3. d4 cxd4 4. Nxd4 Nf6 5. Nc3 a6 6. Bg5 h6 7. Bxf6 exf6 8.
Bc4 Nc6 9. O-O Be7 10. Nd5 O-O 11. Nf5 Bxf5 12. exf5 Ne5 13. Bb3 Re8 14. f4 Nc6
15. a4 Bf8 16. Qh5 Nd4 17. Ba2 Rb8 18. Rad1 Nc6 19. Rd3 b5 20. Rg3 Nd4 21. Kh1
b4 22. c3 b3 23. Bb1 Ne2 24. Rg4 Kh8 25. Qxf7 a5 26. Rg6 Re7 27. Nxe7 Qxe7 28.
Rxg7 Qxf7 29. Rxf7 Rb4 30. Rxf8+ Kg7 31. cxb4 Kxf8 32. bxa5 Nd4 33. a6 1-0

[Event "4NCL Division 1d"]
[Site "Birmingham, ENG"]
[Date "2016.05.02"]
[Round "11.171"]
[White "L'Ami, Alina"]
[Black "Wallace, John Paul"]
[Result "1-0"]
[WhiteElo "2348"]
[BlackElo "2372"]
[PlyCount "139"]
[EventDate "2016.05.02"]
[WhiteTeam "Spirit of Atticus A"]
[BlackTeam "Cambridge University 1"]

1. d4 Nf6 2. c4 g6 3. Nc3 Bg7 4. e4 d6 5. h3 O-O 6. Bg5 Nbd7 7. Bd3 c5 8. d5
Ne5 9. Be2 b5 10. cxb5 a6 11. a4 Qa5 12. Bd2 Qb6 13. Qc2 axb5 14. Nxb5 Ba6 15.
Rb1 Bxb5 16. axb5 Rfb8 17. Nf3 Nxf3+ 18. gxf3 Ne8 19. O-O Nc7 20. Kg2 Nxb5 21.
Bxb5 Qxb5 22. b4 c4 23. Rfc1 Rc8 24. Bc3 Bxc3 25. Qxc3 Rab8 26. Qd4 Rc7 27. h4
h5 28. Rc3 Rf8 29. f4 f5 30. Rg3 Kh7 31. Kh2 fxe4 32. Qxe4 Rf6 33. Rbg1 Qe8 34.
Rg5 e6 35. Rxh5+ Kg8 36. Rhg5 Kf8 37. Rxg6 Rxg6 38. Rxg6 e5 39. fxe5 Qxe5+ 40.
Qxe5 dxe5 41. d6 Rb7 42. h5 c3 43. Rg4 c2 44. Rc4 Rxb4 45. Rxc2 Rd4 46. Rc5
Rxd6 47. Rxe5 Kg7 48. Kg3 Kf6 49. Ra5 Rd3+ 50. Kg4 Rd4+ 51. f4 Rd7 52. Ra6+ Kg7
53. Kg5 Rb7 54. f5 Rc7 55. Ra8 Rb7 56. Re8 Kf7 57. Rd8 Kg7 58. h6+ Kh7 59. Kf6
Ra7 60. Re8 Ra6+ 61. Kg5 Ra7 62. f6 Ra5+ 63. Kf4 Ra4+ 64. Kf5 Ra5+ 65. Re5 Ra1
66. f7 Rf1+ 67. Ke6 Kxh6 68. Ke7 Kg7 69. Rg5+ Kh6 70. Rg8 1-0

[Event "4NCL Division 1d"]
[Site "Birmingham, ENG"]
[Date "2016.05.02"]
[Round "11.172"]
[White "Haria, Ravi"]
[Black "Carleton, John J"]
[Result "1/2-1/2"]
[WhiteElo "2394"]
[BlackElo "2299"]
[PlyCount "199"]
[EventDate "2016.05.02"]
[WhiteTeam "Cambridge University 1"]
[BlackTeam "Spirit of Atticus A"]

1. Nf3 d5 2. g3 Nf6 3. Bg2 e6 4. O-O Be7 5. c4 O-O 6. d4 Nbd7 7. Qc2 c6 8. Nbd2
b6 9. e4 Bb7 10. e5 Ne8 11. cxd5 cxd5 12. Re1 Qc7 13. Qb3 Rc8 14. Bf1 Nb8 15.
Bd3 Ba6 16. Bb1 g6 17. Qe3 Ng7 18. Nf1 f5 19. exf6 Rxf6 20. Ne5 Nc6 21. Ng4
Rff8 22. a3 Na5 23. b4 Nc4 24. Qb3 Nf5 25. Bxf5 exf5 26. Ne5 Nxe5 27. dxe5 Bc4
28. Qd1 Rfd8 29. Qd4 Bxf1 30. Rxf1 Qc4 31. Bb2 Qxd4 32. Bxd4 Kf7 33. Rac1 Rc4
34. Rfd1 Ke6 35. f4 Rdc8 36. Rxc4 Rxc4 37. Rd2 a5 38. Bxb6 axb4 39. axb4 Rxb4
40. Bf2 g5 41. Rd4 Rb1+ 42. Kg2 Rb2 43. Rd1 Bc5 44. Rf1 g4 45. Kg1 d4 46. Re1
Rb6 47. Kf1 Kd5 48. Kg2 Rc6 49. Rc1 Ra6 50. Kf1 Bb4 51. Be1 Bc5 52. Bf2 Ra2 53.
Re1 Bb4 54. Rd1 Bc3 55. e6 Ra7 56. Be1 Kxe6 57. Bxc3 dxc3 58. Rc1 Rc7 59. Ke2
Kd5 60. Kd3 c2 61. Rxc2 Rxc2 62. Kxc2 Ke4 63. Kc3 h5 64. Kc4 Kf3 65. Kd5 Kg2
66. Ke5 Kxh2 67. Kxf5 Kxg3 68. Ke5 h4 69. f5 h3 70. f6 h2 71. f7 h1=Q 72. f8=Q
Qc1 73. Ke4 Kg2 74. Qg8 Qe1+ 75. Kf4 Qf2+ 76. Kg5 g3 77. Qb3 Qd2+ 78. Kf5 Qd7+
79. Kg5 Kh2 80. Kf4 Qh3 81. Qc2+ g2 82. Qa2 Kh1 83. Qa8 Qc3 84. Kg4 Qd4+ 85.
Kg3 Qe3+ 86. Kg4 Kg1 87. Qa2 Kf1 88. Qb1+ Kf2 89. Qf5+ Kg1 90. Qb1+ Kf2 91.
Qf5+ Ke2 92. Qc2+ Qd2 93. Qe4+ Kf2 94. Qf3+ Ke1 95. Qg3+ Qf2 96. Qc3+ Kf1 97.
Qc1+ Qe1 98. Qf4+ Kg1 99. Qd4+ Kh1 100. Qh8+ 1/2-1/2

[Event "4NCL Division 1d"]
[Site "Birmingham, ENG"]
[Date "2016.05.02"]
[Round "11.173"]
[White "Lund, D Brett"]
[Black "Eckersley-Waites, Adam"]
[Result "1-0"]
[WhiteElo "2292"]
[BlackElo "2277"]
[PlyCount "85"]
[EventDate "2016.05.02"]
[WhiteTeam "Spirit of Atticus A"]
[BlackTeam "Cambridge University 1"]

1. c4 Nf6 2. g3 g6 3. Bg2 Bg7 4. Nc3 O-O 5. e4 c5 6. Nge2 Nc6 7. d3 Ne8 8. Be3
d6 9. O-O a6 10. d4 cxd4 11. Nxd4 Ne5 12. b3 Ng4 13. Bc1 Qb6 14. Nce2 Bd7 15.
h3 Ne5 16. Bg5 Nf6 17. Qd2 Rfe8 18. Bh6 Bh8 19. Be3 Qc7 20. Nc3 e6 21. Rac1
Rad8 22. f4 Nc6 23. Nde2 Bc8 24. g4 Bg7 25. Rfd1 Qa5 26. Ng3 Nd7 27. Na4 Qxd2
28. Rxd2 Nc5 29. Nb6 Bf8 30. Rcd1 Nd7 31. e5 g5 32. Nxd7 Bxd7 33. Ne4 gxf4 34.
Bxf4 dxe5 35. Nf6+ Kg7 36. Nh5+ Kg6 37. Bxc6 Bxc6 38. Rxd8 Bc5+ 39. Kf1 exf4
40. Rxe8 Bxe8 41. Rd8 Bc6 42. Rg8+ Kh6 43. Nf6 1-0

[Event "4NCL Division 1d"]
[Site "Birmingham, ENG"]
[Date "2016.05.02"]
[Round "11.174"]
[White "Bisby, Daniel L"]
[Black "Ivell, Nicholas W"]
[Result "1-0"]
[WhiteElo "2275"]
[BlackElo "2227"]
[PlyCount "59"]
[EventDate "2016.05.02"]
[WhiteTeam "Cambridge University 1"]
[BlackTeam "Spirit of Atticus A"]

1. e4 c5 2. Nf3 e6 3. d4 cxd4 4. Nxd4 Nf6 5. Nc3 d6 6. g4 h6 7. h4 Nc6 8. Rg1
h5 9. gxh5 Rxh5 10. Bg5 Rh7 11. Nxc6 bxc6 12. Qd3 e5 13. O-O-O Rb8 14. b3 Be7
15. Be2 Qc7 16. h5 Nxh5 17. Bxe7 Kxe7 18. Bxh5 Rxh5 19. Rxg7 Be6 20. Kb2 Rbh8
21. Qg3 Qb8 22. f4 exf4 23. Qxf4 a5 24. Rf1 Rf8 25. Qf6+ Kd7 26. Rd1 Ke8 27.
Rg2 d5 28. exd5 cxd5 29. Re2 Qd6 30. Nb5 1-0

[Event "4NCL Division 1d"]
[Site "Birmingham, ENG"]
[Date "2016.05.02"]
[Round "11.175"]
[White "House, Glenn L"]
[Black "Beckett, Chris J"]
[Result "1-0"]
[WhiteElo "2213"]
[BlackElo "2159"]
[PlyCount "155"]
[EventDate "2016.05.02"]
[WhiteTeam "Spirit of Atticus A"]
[BlackTeam "Cambridge University 1"]

1. Nf3 Nf6 2. g3 g6 3. Bg2 Bg7 4. O-O O-O 5. d3 d5 6. Nbd2 c5 7. e4 Nc6 8. Re1
e6 9. c3 a5 10. a4 b6 11. exd5 exd5 12. Nb3 Be6 13. d4 c4 14. Nbd2 Rc8 15. Nf1
Bf5 16. Bg5 h6 17. Bxf6 Bxf6 18. Ne5 Bxe5 19. dxe5 Re8 20. Ne3 Nxe5 21. Nxf5
gxf5 22. Qd4 Nd3 23. Rxe8+ Qxe8 24. Qxd5 Qe6 25. Qd4 Qe2 26. Rf1 Qxb2 27. Bd5
Rc5 28. Bxc4 Ne5 29. Qd8+ Kg7 30. Bb5 Qxc3 31. Qxb6 Qd4 32. Qb7 Qe4 33. Qxe4
fxe4 34. Rd1 Nf3+ 35. Kg2 Ne5 36. h3 Nd3 37. Bxd3 exd3 38. Rxd3 Rc4 39. Ra3 Rb4
40. Kf3 Kg6 41. Ke3 Kf5 42. Kf3 Rc4 43. g4+ Kg6 44. Kg3 h5 45. gxh5+ Kxh5 46.
Rf3 Rxa4 47. Rxf7 Kg6 48. Ra7 Kf5 49. Rf7+ Kg6 50. Rf8 Rb4 51. Rc8 a4 52. Ra8
Rb3+ 53. Kg4 a3 54. Ra6+ Kf7 55. f4 Re3 56. h4 Rb3 57. Kg5 Rb5+ 58. f5 Rb3 59.
Ra7+ Kg8 60. h5 Rg3+ 61. Kf6 Rb3 62. h6 Rb6+ 63. Kg5 Rb3 64. Kf6 Rh3 65. Ra8+
Kh7 66. Kf7 Rf3 67. f6 Kxh6 68. Ke7 Re3+ 69. Kf8 Kg6 70. Ra6 Rf3 71. f7+ Kh7
72. Ra4 Kg6 73. Rg4+ Kh7 74. Rg2 Re3 75. Rh2+ Kg6 76. Kg8 Rf3 77. Rg2+ Kh6 78.
f8=Q+ 1-0

[Event "4NCL Division 1d"]
[Site "Birmingham, ENG"]
[Date "2016.05.02"]
[Round "11.176"]
[White "Hill, Alistair"]
[Black "Mitchell, Martin"]
[Result "1-0"]
[WhiteElo "2204"]
[BlackElo "2188"]
[PlyCount "65"]
[EventDate "2016.05.02"]
[WhiteTeam "Cambridge University 1"]
[BlackTeam "Spirit of Atticus A"]

1. e4 d6 2. d4 Nf6 3. Nc3 g6 4. Bg5 c6 5. Qd2 Bg7 6. Bh6 Bxh6 7. Qxh6 Qa5 8.
Bd3 Nbd7 9. Nf3 c5 10. d5 a6 11. O-O b5 12. Rfe1 Qc7 13. a4 b4 14. Nd1 Bb7 15.
c3 a5 16. Ne3 O-O-O 17. cxb4 cxb4 18. Nd4 Kb8 19. Nb5 Qb6 20. h3 Nc5 21. Nc4
Qa6 22. Qe3 Nxd3 23. Qxd3 Rc8 24. b3 Rc5 25. Qf3 Rhc8 26. Rad1 Rxc4 27. bxc4
Rxc4 28. Rc1 Rxc1 29. Rxc1 b3 30. Rb1 Qb6 31. Rxb3 Qc5 32. Rc3 Qb4 33. Qe3 1-0

[Event "4NCL Division 1d"]
[Site "Birmingham, ENG"]
[Date "2016.05.02"]
[Round "11.177"]
[White "Ackley, Peter J E"]
[Black "Kueh, Audrey"]
[Result "1/2-1/2"]
[WhiteElo "2087"]
[BlackElo "2091"]
[PlyCount "43"]
[EventDate "2016.05.02"]
[WhiteTeam "Spirit of Atticus A"]
[BlackTeam "Cambridge University 1"]

1. g3 d5 2. Bg2 Bf5 3. d3 Nf6 4. Nd2 e6 5. e4 Bg6 6. Nh3 dxe4 7. Nxe4 Nxe4 8.
Bxe4 Bxe4 9. dxe4 Qxd1+ 10. Kxd1 Nc6 11. Be3 Rd8+ 12. Ke2 Nd4+ 13. Bxd4 Rxd4
14. Kf3 Bc5 15. Rhd1 Ke7 16. c3 Rxd1 17. Rxd1 Rd8 18. Rxd8 Kxd8 19. Nf4 Bd6 20.
Nd3 e5 21. Ke3 Kd7 22. f3 1/2-1/2